| 000 | 00611nam a2200229 4500 | ||
|---|---|---|---|
| 003 | OSt | ||
| 005 | 20240530110429.0 | ||
| 008 | 150330s1935 uk g |||| 000 0 eng d | ||
| 020 | _a1857435109 | ||
| 020 | _a9781857435108 | ||
| 022 | _200749613 | ||
| 040 |
_aEG-CaGPL _cEG-CaGPL |
||
| 082 | 0 | 4 |
_221 _a920.7 _bREF/E I |
| 100 | 1 | _aElster, Robert J | |
| 245 | 1 | 4 |
_aThe International Who`s Who / _cAmy Tyndall , joanne corsan |
| 260 |
_aLondon : _bRoutledge , _c1935 . |
||
| 300 |
_a2464 p. ; _c28 cm. |
||
| 650 | 0 | _aKnowledge | |
| 700 | 1 | _aTyndall , Amy | |
| 942 |
_2ddc _cBK |
||
| 999 |
_c60815 _d60815 |
||